Normal view
MARC view
- Salman, NC Muhammad TE-46 / TCC-21
Entry Personal Name
001 - CONTROL NUMBER
- control field: 131527
003 - CONTROL NUMBER IDENTIFIER
- control field: NUST
005 - DATE AND TIME OF LATEST TRANSACTION
- control field: 20251024105209.0
008 - FIXED-LENGTH DATA ELEMENTS
- fixed length control field: 251024|| aca||aabn | a|a d
040 ## - CATALOGING SOURCE
- Original cataloging agency: NUST
- Transcribing agency: NUST
100 ## - HEADING--PERSONAL NAME
- Personal name: Salman, NC Muhammad TE-46 / TCC-21
670 ## - SOURCE DATA FOUND
- Source citation: Work cat.: (NUST)210871: Salman, NC Muhammad TE-46 / TCC-21, GSM Landline switch /, 2013
